000
00326nam a22001457a 4500
008
221025b ||||| |||| 00| 0 eng d
020
_a
2901416025305
041
_a
eng
080
_2
THIRD EDITION
_a
616.9
082
_a
616.9 GOR
100
_a
16.2
101
_a
INF
245
_a
EPIDEMIOLOGY
_c
GORDIS L
942
_2
udc
_c
BK
999
_c
58669
_d
58669